| 000 | 02172nam a22003377a 4500 | ||
|---|---|---|---|
| 005 | 20180118150750.0 | ||
| 010 | _aB-685435 B-664503 | ||
| 020 |
_c225.00 _a8126007982 |
||
| 035 | _aB-685435 | ||
| 035 | _aB-664503 | ||
| 037 | _bनॉर्थ इंडिया पब्लिशर्स | ||
| 037 | _bस्टार पब्लिकेशन | ||
| 082 |
_a820.08 _bनारंग |
||
| 100 | _aनारंग, गोपीचन्द | ||
| 245 |
_aसंरचनावाद उत्तर-संरचनावाद एवं प्राच्य काव्यशास्त्र / _cगोपीचन्द नारंग ; अनुवादक देवेश |
||
| 246 |
_aSanrachnavad uttar-sanrachnavad ewam prachye kavyeshastr / _bby Gopichand Narang ; anuvadak Devesh |
||
| 260 |
_aनयी दिल्ली _bसाहित्य अकादमी _c2014 |
||
| 270 |
_a रवीन्द्र भवन, 35, फिरोज़शाह मार्ग _bनयी दिल्ली _e110001 |
||
| 300 |
_a456पृ. _c20सेमी(सजिल्द) |
||
| 500 | _a(साहित्य अकादेमी द्वारा पुरस्कृत समालोचना ग्रंथ) | ||
| 505 | _aराष्ट्रपति भवन | ||
| 520 | _aAW | ||
| 650 | _aकाव्यशास्त्र | ||
| 650 | _aहिन्दी भाषा | ||
| 650 | _aPoetics | ||
| 650 | _aHindi Language | ||
| 700 |
_aदेवेश _96954 |
||
| 942 |
_2ddc _cHN _h820.08 _mनारंग |
||
| 999 |
_c148480 _d148480 |
||